00427 a2200157 4500260002500000245004500025300000900070650002500079260000900104300000900113100000700122630006600129037001100195650004900206100001400255 bEdition mir . moscou aprincipes fondamentaux de la mécanique a224p aMecanique : principe c1981 b23cm lFr a62 Ingénerie art de l'ingénieur. technologie en géneral aS 1223 a6 SCIENCES APPLIQUEES. MEDECINE. TECHNOLOGIE aIrodov I.